00000000nam 2200000zi 4500
0019.934015
003CaOODSP
00520250109074520
006m     o  d f      
007cr mn|||||||||
008240216s1972    onc     o    f000 0 eng d
040 |aCaOODSP|beng|erda|cCaOODSP
0410 |aeng|afre
043 |an-cn---
0861 |aC2-672/1972-PDF
24500|aPharmaceutical Industry Development Assistance, PIDA = |bAide au développement de l'industrie pharmaceutique, PIDA.
24611|aAide au développement de l'industrie pharmaceutique, PIDA
24616|aPharmaceutical Industry Development Assistance (PIDA) = |bAide au développement de l'industrie pharmaceutique (PIDA)
264 1|aOttawa, Canada : |bDepartment of Industry, Trade and Commerce = Ministère de l'industrie et du commerce, |c1972.
300 |a1 online resource (8 pages)
336 |atext|btxt|2rdacontent
337 |acomputer|bc|2rdamedia
338 |aonline resource|bcr|2rdacarrier
500 |aTitle from cover.
500 |aDigitized edition from print [produced by Innovation, Science and Economic Development Canada].
546 |aText in English and French.
650 0|aPharmaceutical industry|zCanada|xFinance.
650 0|aPharmaceutical industry|xGovernment policy|zCanada.
7101 |aCanada. |bDepartment of Industry, Trade and Commerce, |eissuing body.
788 |tPharmaceutical Industry Development Assistance, PIDA = |efre|w(CaOODSP)9.946616
85640|qPDF|s865 KB|uhttps://publications.gc.ca/collections/collection_2025/isde-ised/c2/C2-672-1972.pdf